| 000 | 01310cam a22003011i 4500 | ||
|---|---|---|---|
| 003 | SA-RiAUC | ||
| 005 | 20250109094725.0 | ||
| 008 | 241215s2003 le g 000 0 ara c | ||
| 020 | _a274513793X | ||
| 040 |
_aSA-JeALM _bara _cSA-RiAUC _erda |
||
| 043 | _aa-ii--- | ||
| 082 | 0 | 4 |
_a250.72 _qSA-RiAUC |
| 090 |
_a250.72 _bق ا س |
||
| 100 | 1 |
_aالقاسمي، مجاهد الإسلام، _d1936-2002 _eمؤلف. |
|
| 245 | 1 | 0 |
_aبحوث فقهية من الهند : _bمجموعة من البحوث الفقهية في الاجتهاد الاجتماعي مقسمة إلى ثلاث عشرة ندوة فقهية / _cمجاهد الإسلام القاسمي. |
| 250 | _aالطبعة الاولى. | ||
| 264 | 1 |
_aبيروت : _bدار الكتب العلمية، _c2003 |
|
| 300 |
_a381 صفحة ؛ _c24 سم. |
||
| 336 |
_aنص _btxt _2rdacontent _3كتاب |
||
| 337 |
_aبدون وسيط _bn _2rdamedia |
||
| 338 |
_aمجلد _bnc _2rdacarrier |
||
| 490 | 1 | _aإصدارات مجمع الفقه الإسلامي | |
| 650 | 7 |
_aالفقه الإسلامي _xبحوث _2aucsh |
|
| 650 | 7 |
_aالفقه الإسلامي _zالهند _2aucsh |
|
| 830 | 0 | _aإصدارات مجمع الفقه الإسلامي (دار الكتب العلمية) | |
| 942 |
_2ddc _cBOOK _n0 |
||
| 949 |
_aSA-JeALM _d241215 _uosman123 _n1 |
||
| 999 |
_c4545 _d4545 |
||